000 00894cab a2200313 4500
001 X86733
008 090401t1997 xxu||||| |||| 00| 0 eng d
035 _a(Sirsi) u81129
041 _aeng
245 _aFocus `97: North East
260 _c1997
350 _a0
490 _aEstates Gazette
_v(9738) 20 September 1997, 107-139(17)
650 _aDARLINGTON
650 _aDURHAM
650 _aGRAINGER TOWN
650 _aINDUSTRIAL MARKET
650 _aLEISURE MARKET
650 _aMIDDLESBROUGH
650 _aNEWCASTLE
650 _aNORTH EAST
650 _aPROPERTY-COMMERCIAL PROPERTY-OFFICE PROPERTY-OFFICE PROPERTY MARKET
650 _aPROPERTY-COMMERCIAL PROPERTY-RETAIL PROPERTY-RETAIL PROPERTY MARKET
650 _aTEESSIDE
650 _aTYNE AND WEAR
690 _aPROPERTY-COMMERCIAL PROPERTY-COMMERCIAL PROPERTY MARKET
942 _n0
948 _c29/09/1997
999 _c51122
_d51122